| 000 | 00792nam a2200217Ii 4500 | ||
|---|---|---|---|
| 003 | JO-AjNU | ||
| 008 | 230605s9999||||xx |||||||||||||| ||und|| | ||
| 040 |
_aJO-AjNU _bara _erda _cJO-AjNU |
||
| 041 | _aara | ||
| 050 | 1 | 4 | _aCT203.A7.M39.2002 |
| 100 | 3 |
_aإعداد موريس فرادوارد, _eauthor _915427 |
|
| 245 | 0 | 0 | _aموسوعة مشاهير العالم، ج5 |
| 250 | _aط1 | ||
| 264 | 3 | 1 | _aبيروت: دار الصداقة العربية، 2002 |
| 300 | _aج5، 112ص | ||
| 336 |
_atext _btxt _2rdacontent |
||
| 337 |
_aunmediated _bn _2rdamedia |
||
| 338 |
_avolume _bnc _2rdacarrier |
||
| 490 | 0 | _aموسوعة مشاهير العالم | |
| 650 | 4 |
_aتراجم -- الفنانون -- تراجم -- الأدباء -- تراجم -- السياسيون -- تراجم _915428 |
|
| 999 |
_aA4355 _c7923 _d7923 |
||